Statistics for Most Populous Countries by Year

Click here to take the quiz!

General Stats

  • This quiz has been taken 30,553 times
  • The average score is 21 of 30

Answer Stats

Year Country % Correct
1500, 1800, 1900, 1950, 2000, 2050China
100%
1950, 2000, 2050India
99%
1900, 1950, 2000, 2050United States
99%
1800Maratha Empire
99%
1800, 1900, 1950British Empire
97%
1800, 1900Russian Empire
96%
2000Russia
96%
1950, 2000, 2050Brazil
94%
1500, 1800, 1900, 1950French Empire
93%
1500France
92%
1900Germany
91%
1500, 1800, 1900, 1950, 2000Japan
91%
1500, 1800Spanish Empire
87%
1950, 2000, 2050Indonesia
87%
1900Italy
83%
2000, 2050Nigeria
81%
1950, 2000, 2050Pakistan
80%
2000, 2050Bangladesh
72%
1500, 1800Ottoman Empire
64%
2050Philippines
57%
2050Ethiopia
54%
1900Dutch Empire
52%
1800Habsburg Empire
52%
1900Austria-Hungary
51%
1950Soviet Union
51%
1500Polish–Lithuanian Union
47%
1500Hungary and Croatia
21%
1500, 1800Holy Roman Empire
20%
1500Aztec Empire
17%
1500Incan Empire
16%

Score Distribution

Percentile by Number Answered

Percent of People with Each Score

Your Score History

You have not taken this quiz